| 000 | 00476nam a2200181Ia 4500 | ||
|---|---|---|---|
| 001 | 28292 | ||
| 003 | IN-NITTTR | ||
| 005 | 20251114233350.0 | ||
| 008 | 251113s9999||||xx |||||||||||||| ||eng|| | ||
| 040 | _beng | ||
| 040 | _cIN-NITTTR | ||
| 041 | _aeng | ||
| 082 | _a621.4712 S45S | ||
| 100 | _aSukhatme, Suhas P. | ||
| 245 | 0 |
_aSolar energy : _b Principles of thermal collection and storage / _cSukhatme, Suhas P., Nayak, J.K. |
|
| 700 | _a Nayak, J.K. | ||
| 942 |
_2ddc _cBK |
||
| 999 |
_c30920 _d30920 |
||